000
00293nam a22001337a 4500
008
171011b xxu||||| |||| 00| 0 eng d
020
_a
9781556911842
041
_a
eng
080
_2
3RD
_a
316
100
_a
50
101
_a
SOC
245
_a
IF YOU ARE RAPED
_c
JOHNSON..K.M
942
_2
udc
_c
BK
999
_c
33117
_d
33117